| 000 | 00728nam a22002417a 4500 | ||
|---|---|---|---|
| 005 | 20170124110040.0 | ||
| 010 | _a707332 | ||
| 020 |
_c00.00 _a0713117087 |
||
| 035 | _a707332 | ||
| 037 | _bCen Lib/Ret | ||
| 040 |
_aDPL _bEN |
||
| 082 |
_a882.08 _bSHA |
||
| 245 |
_aShaw / _cedited by Tommy Cookson ; illustrated by George Gillespie |
||
| 260 |
_aLondon _bEdward Arnold _c1972 |
||
| 270 | _a41 Maddox Street | ||
| 300 |
_a94p. : _c21cm(Hb) _bill. |
||
| 490 | _aThe portrait series | ||
| 650 |
_aDramatists, Irish _923510 |
||
| 650 |
_aDramatists, Irish -- 19th century -- Biography _923511 |
||
| 700 |
_aCookson, Tommy _923512 |
||
| 700 |
_aGillespie, George _923513 |
||
| 942 |
_2ddc _cEN _h882.08 _mSHA |
||
| 999 |
_c128474 _d128474 |
||